Latest scores make for mixed reading (Record no. 68143)

MARC details
000 -LEADER
fixed length control field 01003cam a2200217 4500
001 - CONTROL NUMBER
control field ABS64424
008 - FIXED-LENGTH DATA ELEMENTS--GENERAL INFORMATION
fixed length control field 010903n2001 000 0 eng u
035 ## - SYSTEM CONTROL NUMBER
System control number (Sirsi) u114414
100 ## - MAIN ENTRY--PERSONAL NAME
Personal name Kirby, P
245 ## - TITLE STATEMENT
Title Latest scores make for mixed reading
260 ## - PUBLICATION, DISTRIBUTION, ETC.
Date of publication, distribution, etc. 2001
490 ## - SERIES STATEMENT
Series statement Planning (for the Natural and Built Environment)
Volume/sequential designation (1430) 3 August 2001, 12-13(2)
520 ## - SUMMARY, ETC.
Summary, etc. Reports on the performance of council planning professionals in a report by the Audit Commission, a year into the Best Value process, with the majority of planning authorities audited so far only registering a 'fair' on their performance, below the average for other council service inspections. Advises that planning authorities need to adopt a more positive approach to improve their Best Value assessment scores.
590 ## - LOCAL NOTE (RLIN)
Local note ABS
650 ## - SUBJECT ADDED ENTRY--TOPICAL TERM
Topical term or geographic name entry element BEST VALUE
650 ## - SUBJECT ADDED ENTRY--TOPICAL TERM
Topical term or geographic name entry element AUDIT COMMISSION
650 ## - SUBJECT ADDED ENTRY--TOPICAL TERM
Topical term or geographic name entry element PLANNING AUTHORITIES
650 ## - SUBJECT ADDED ENTRY--TOPICAL TERM
Topical term or geographic name entry element PLANNING SYSTEM
690 ## - LOCAL SUBJECT ADDED ENTRY--TOPICAL TERM (OCLC, RLIN)
Topical term or geographic name as entry element Planning and development
9 (RLIN) 6259
942 ## - ADDED ENTRY ELEMENTS (KOHA)
Suppress in OPAC 0
Holdings
Withdrawn status Lost status Source of classification or shelving scheme Damaged status Not for loan Home library Current library Shelving location Date acquired Total Checkouts Full call number Barcode Date last seen Copy number Price effective from Koha item type
    Dewey Decimal Classification     London London Journal article 03/09/2001   ABS64424 114414-1001 06/08/2019 1 06/08/2019 Journal article